[Event "Burjassot U2200 op 5th"]
[Site "Burjassot"]
[Date "2017.10.27"]
[Round "7"]
[White "Gomez Hernandez, Hector"]
[Black "Monros Mari, Jose Luis"]
[Result "0-1"]
[WhiteElo "1219"]
[BlackElo "1536"]
[PlyCount "68"]
[EventDate "2017.09.08"]
[EventType "swiss"]
[EventRounds "7"]
[EventCountry "ESP"]
[SourceTitle "EXT 2024"]
[Source "ChessBase"]
[SourceDate "2023.10.10"]
[SourceVersion "1"]
[SourceVersionDate "2023.10.10"]
[SourceQuality "1"]

1. d4 d5 2. c4 c6 3. Nf3 Nf6 4. Nc3 Bf5 5. e3 e6 6. Be2 Be7 7. b3 Bb4 8. Bb2 Ne4 9. Rc1 Qa5 10. a3 Bxc3+ 11. Bxc3 Nxc3 12. Qd2 Qxa3 13. Qxc3 Qe7 14. 0-0 dxc4 15. bxc4 0-0 16. Bd3 Bxd3 17. Qxd3 Nd7 18. Rcd1 Rad8 19. Qb3 b6 20. h3 h6 21. c5 b5 22. Ne5 Nxe5 23. dxe5 Rxd1 24. Qxd1 Rd8 25. Qf3 Rd5 26. Qe4 Rxc5 27. Ra1 Qb7 28. Rd1 Rd5 29. Rc1 c5 30. Kh2 a5 31. Rxc5 a4 32. Qb4 Rxc5 33. Qxc5 b4 34. Qc1 b3 0-1